A reforma das escolas normais contribucao para o seu estudo /
Guardado en:
| Autor Principal: | |
|---|---|
| Formato: | Libro |
| Idioma: | Portuguese |
| Publicado: |
Sao Paulo :
Universidade de Sao Paulo,
1952.
|
| Series: | Cadernos de Faculdade, 1
|
| Etiquetas: |
Agregar Etiqueta
Sin Etiquetas, Sea el primero en etiquetar este registro!
|
| LEADER | 00515nam a22001575a 4500 | ||
|---|---|---|---|
| 001 | EUN.um020813 | ||
| 003 | AR-BaUNS | ||
| 005 | 20050623122900.0 | ||
| 008 | 041125s1952####bl############000#0#por#d | ||
| 245 | 1 | 0 | |a A reforma das escolas normais contribucao para o seu estudo / |c Ribeiro J. Querino. |
| 260 | |a Sao Paulo : |b Universidade de Sao Paulo, |c 1952. | ||
| 300 | |a 14 p. | ||
| 490 | 0 | |a Cadernos de Faculdade, 1 | |
| 100 | 1 | |a Querino, Ribeiro J. | |
| 082 | 0 | 4 | |a 370.7381 |
| 859 | |a Ar-BaUNS |b BIB. CENTRAL - Sector C |h 370.7381 |i Q35 |p D258/966 | ||
